| 000 | 00628nam a2200241 a 4500 | ||
|---|---|---|---|
| 999 |
_c5903 _d5903 |
||
| 001 | 5903 | ||
| 003 | BD-JhCC | ||
| 005 | 20171231115337.0 | ||
| 008 | 171230s1962 R a|||| ||a| 000 0 eng d | ||
| 035 | _a(BD-JhCC) 5903 | ||
| 040 |
_aBD-JhCC _dBD-JhCC |
||
| 041 | _aeng | ||
| 082 |
_a612.44 _bKHA 1962 |
||
| 100 | _aKhavin, I. | ||
| 245 |
_aDiseases of the Thyroid Gland / _cI. Khavin; O. Nikolayev |
||
| 260 |
_aRUSSIAN : _bPEACE PUBLISHERS MOSCOW , |
||
| 300 |
_a219 P .: _c22 CM . |
||
| 650 | _aHuman physiology | ||
| 650 |
_aThyroid gland _vDiseases |
||
| 700 | _aNikolayev, O. | ||
| 942 |
_2ddc _cBK |
||